header

Anaximander and the architects (Record no. 211763)

MARC details
000 -LEADER
fixed length control field 01498nam a2200361Ia 4500
082 04 - DEWEY DECIMAL CLASSIFICATION NUMBER
Classification number 182
100 1# - MAIN ENTRY--AUTHOR NAME
Personal name Hahn, Robert,
245 10 - TITLE STATEMENT
Title Anaximander and the architects
260 ## - PUBLICATION, DISTRIBUTION, ETC. (IMPRINT)
Place of publication Albany :
Name of publisher State University of New York Press,
Year of publication c2001.
300 ## - PHYSICAL DESCRIPTION
Number of Pages xxiii, 326 p. :
Other physical details ill.
650 #0 - SUBJECT ADDED ENTRY--TOPICAL TERM
Topical Term Architecture, Ancient
Topical Term Architecture, Ancient
856 40 - ELECTRONIC LOCATION AND ACCESS
Uniform Resource Identifier http://site.ebrary.com/lib/rucke/Doc?id=10587102

No items available.

© 2026 Rongo University
Contact us: librarian | system librarian | Rongo university